The Ten Plagues in Exodus - Statistics

General Stats
  • This quiz has been taken 193 times
  • The average score is 7 of 10
Answer Stats
Answer % Correct
Frogs
94%
Locusts
94%
Water turned to Blood
93%
The Passover
89%
Darkness
78%
Boils
68%
Flies
63%
Hail
63%
Gnats
43%
Egyptian Livestock Die
36%
No matching quizzes found
Score Distribution
Percent of People with Each Score
Percentile by Number Answered
Your Score History
You have not taken this quiz